A primer of population genetics
Uloženo v:
| Hlavní autor: | |
|---|---|
| Médium: | Kniha |
| Jazyk: | Undetermined |
| Vydáno: |
Sunderland, Massachusetts
Sinauer Associates
1999
|
| Témata: | |
| Tagy: |
Přidat tag
Žádné tagy, Buďte první, kdo otaguje tento záznam!
|
| Thư viện lưu trữ: | Trung tâm Học liệu Trường Đại học Cần Thơ |
|---|
| LEADER | 00495nam a2200169Ia 4500 | ||
|---|---|---|---|
| 001 | CTU_48919 | ||
| 008 | 210402s9999 xx 000 0 und d | ||
| 082 | |a 576.58 | ||
| 082 | |b H331 | ||
| 100 | |a DANIEL L HARTL | ||
| 245 | 2 | |a A primer of population genetics | |
| 245 | 0 | |c DANIEL L HARTL | |
| 260 | |a Sunderland, Massachusetts | ||
| 260 | |b Sinauer Associates | ||
| 260 | |c 1999 | ||
| 650 | |a population genetiics,quantitative genetics | ||
| 980 | |a Trung tâm Học liệu Trường Đại học Cần Thơ | ||